Stolen glances : lesbians take photographs /

Đã lưu trong:
Chi tiết về thư mục
Tác giả khác: Boffin, Tessa, Fraser, Jean
Định dạng: Sách
Ngôn ngữ:Tiếng Anh
Được phát hành: London : Pandora, 1991
Các nhãn: Thêm thẻ
Không có thẻ, Là người đầu tiên thẻ bản ghi này!

MARC

LEADER 00000nam a22000007i 4500
001 IT\ICCU\UBO\1636712
003 ItRI
005 20260115231812.0
008 021017s1991 xxk|||||| ||||| |||||c
020 |a 0044407076 
040 |b ita  |c importazione bologna sebina 
041 7 |a eng  |2 ISO-639-2 
245 0 0 |a Stolen glances :  |b lesbians take photographs /  |c edited by Tessa Boffin and Jean Fraser. 
260 |a London :  |b Pandora,  |c 1991 
300 |a 252 p. :  |b ill. ;  |c 25 cm. 
700 1 |a Boffin, Tessa  |0 IT\ICCU\UBOV\618371 
700 1 |a Fraser, Jean  |0 IT\ICCU\UBOV\618372 
942 |2 ddc  |c BK  |n 0 
952 |0 0  |1 0  |4 0  |6 L_306_766000000000000_BOF  |7 0  |9 12955  |a BO  |b BO  |d 2026-01-15  |i 3556  |l 0  |o L 306.766 BOF  |p BO3556  |r 2026-01-15 23:18:12  |w 2026-01-15  |x [Sebina 7] [1 v.]  |y BK  |z 1 v. 
999 |c 11089  |d 11089